000 00829nam a2200253Ia 4500
003 OSt
005 20221005112757.0
006 a|||||r|||| 00| 0
007 ta
008 221004b |||||||| |||| 00| 0 pan d
020 _c45
024 _a93831
037 _b72864, 31/12/2008, Arsee Publishers
_cTextual
040 _aCRL
_cCRL
_bpan
041 _2pan
_apan
082 _aO153,2N321,KA, P4
100 _aਹਰਚਰਨ ਸਿੰਘ
245 0 _aਕਲ੍ਹ, ਅਜ ਤੇ ਭਲਕ
260 _aਦਿੱਲੀ
_bਆਰਸੀ ਪਬਲਿਰਗ਼ ਭਾਰਤ
_c2004
300 _a71ਪੰ
_ccm.
650 _aਪੰਜਾਬੀ ਸਾਹਿਤ
942 _hO153,2N321,KA, P4
_cTEXL
_2cc
999 _c1025927
_d1025927